000 00853nam a2200253Ia 4500
003 OSt
005 20220923223416.0
006 a|||||r|||| 00| 0
007 ta
008 220922b |||||||| |||| 00| 0 hin d
024 _a214,955
037 _cTextual
040 _aARTS
_cARTS
_bhin
041 _2hin
_ahin
082 _aO152,3N12x, K6
100 _aविष्णु प्रभाकर
_9156271
245 0 _aहंसते निर्झर दहकती भट्टी
246 _aHansate nirzar dahakatī bhaṭṭī
260 _aदिल्ली
_b नेशनल पब्लि0 हा0
_c1966
300 _a104 पृ.
_ccm.
650 _aहिन्दी साहित्य
_9156264
942 _hO152,3N12x, K6
_cTEXL
_2CC
999 _c364869
_d364869